| 000 | 00900 a2200253 4500 | ||
|---|---|---|---|
| 003 | OSt | ||
| 005 | 20180116192406.0 | ||
| 008 | 120703t xxu||||| |||| 00| 0 eng d | ||
| 020 | _a0870312642 (paperback) | ||
| 020 | _a9780870312649 (paperback) | ||
| 040 | _c0 | ||
| 082 | _a690 | ||
| 100 | 1 |
_a318, Committee. _95564 |
|
| 245 | 1 | 0 |
_aBuilding code requirements for structural concrete and commentary / _cCommittee 318. |
| 260 |
_aLondon : _bACI, _c2008. |
||
| 300 |
_a473 p . : _bill. ; _c28 cm. |
||
| 490 | 1 | _aAci 318-08, iso 19338:2007(E) | |
| 650 | 1 | 0 |
_aBuilding laws _zUnited States _95565 |
| 650 | 1 | 0 |
_aConcrete construction _xStandards _95566 |
| 830 | 0 |
_aAci 318-08, iso 19338:2007(E) _95567 |
|
| 856 | 4 | 0 |
_3Amazon.com _uhttp://www.amazon.com/exec/obidos/ASIN/0870312642/chopaconline-20 |
| 942 |
_aSADA _cBK _k690 COM 2008 _2ddc |
||
| 999 |
_c353407 _d353407 |
||